<?xml version="1.0" encoding="UTF-8"?>
<record
    xmlns:xsi="http://www.w3.org/2001/XMLSchema-instance"
    xsi:schemaLocation="http://www.loc.gov/MARC21/slim http://www.loc.gov/standards/marcxml/schema/MARC21slim.xsd"
    xmlns="http://www.loc.gov/MARC21/slim">

  <leader>01437nam a2200205Ia 4500</leader>
  <controlfield tag="001">b6265-44258 </controlfield>
  <controlfield tag="003">IT-MiCISF</controlfield>
  <controlfield tag="008">161014s9999||||xx |||||||||||||| ||und||</controlfield>
  <datafield tag="040" ind1=" " ind2=" ">
    <subfield code="a">IT-MiCISF</subfield>
    <subfield code="c">IT-MiCISF</subfield>
  </datafield>
  <datafield tag="041" ind1=" " ind2=" ">
    <subfield code="a">it</subfield>
  </datafield>
  <datafield tag="100" ind1=" " ind2=" ">
    <subfield code="a">Vallorani Maria Grazia</subfield>
  </datafield>
  <datafield tag="245" ind1=" " ind2="0">
    <subfield code="a">Fare i genitori</subfield>
  </datafield>
  <datafield tag="250" ind1=" " ind2=" ">
    <subfield code="a">1a ed.</subfield>
  </datafield>
  <datafield tag="260" ind1=" " ind2=" ">
    <subfield code="a"> Roma</subfield>
    <subfield code="b">Armando</subfield>
    <subfield code="c">2007</subfield>
  </datafield>
  <datafield tag="300" ind1=" " ind2=" ">
    <subfield code="a">pp. 126</subfield>
  </datafield>
  <datafield tag="500" ind1=" " ind2=" ">
    <subfield code="a"> / educazione-bambini, crescita-bambini, educazione-genitori, madre, padre / Questo libro &#xE8; un piccolo contributo, chiaro e sintetico, finalizzato a sostenere i genitori a svolgere il proprio compito. L'A., psicologo e psicoterapeuta nella Unit&#xE0; Multidisciplinare dell'Et&#xE0; Evolutiva di Fermo, aiuta i genitori a comprendere lo sviluppo psicofisico del proprio figlio, i bisogni e le difficolt&#xE0; nella fatica della crescita. I genitori vengono anche aiutati a riconoscere e a saper accettare le proprie difficolt&#xE0; specifiche relative alle diverse fasi evolutive.Viene chiarita la funzione dei genitori e cosa si intende per funzione materna e paterna servendosi di immagini, di riferimenti concreti e di simboli. Nella parte dedicata alla Scuola dei genitori, l'A. indica in modo pratico come i genitori possono sviluppare il pensiero, il sentimento, la fantasia, l'intuizione, la morale e la spiritualit&#xE0; nei loro figli.</subfield>
  </datafield>
  <datafield tag="650" ind1=" " ind2=" ">
    <subfield code="a"> Genitorialit&#xE0; e problemi educativi / genitorialit&#xE0;</subfield>
    <subfield code="e">004</subfield>
  </datafield>
  <datafield tag="942" ind1=" " ind2=" ">
    <subfield code="c">BK</subfield>
  </datafield>
  <datafield tag="957" ind1=" " ind2=" ">
    <subfield code="7">1</subfield>
  </datafield>
  <datafield tag="999" ind1=" " ind2=" ">
    <subfield code="a">44258</subfield>
    <subfield code="b">si</subfield>
    <subfield code="g">1</subfield>
    <subfield code="c">210796</subfield>
    <subfield code="d">210796</subfield>
  </datafield>
  <datafield tag="952" ind1=" " ind2=" ">
    <subfield code="0">0</subfield>
    <subfield code="1">0</subfield>
    <subfield code="4">0</subfield>
    <subfield code="6">B_626544258</subfield>
    <subfield code="7">1</subfield>
    <subfield code="a">CISF</subfield>
    <subfield code="b">CISF</subfield>
    <subfield code="d">2016-10-14</subfield>
    <subfield code="l">0</subfield>
    <subfield code="o">b6265-44258 </subfield>
    <subfield code="r">2016-10-14 00:00:00</subfield>
    <subfield code="w">2016-10-14</subfield>
    <subfield code="y">BK</subfield>
    <subfield code="z">Data import 15.10.2016 / by Epidotti, Vaglietti</subfield>
  </datafield>
</record>
